An introduction to atmospheric thermodynamics

An Introduction to Atmospheric Thermodynamics is a self-contained, concise but rigorous book introducing the reader to the basics of the subject. Introductory chapters provide basic definitions and some useful mathematical and physical notes. Following a treatment of the fundamental laws of classica...

Szczegółowa specyfikacja

Zapisane w:
Opis bibliograficzny
1. autor: Tsonis, Anastasios A.
Format: Książka
Język:Undetermined
Wydane: Cambridge,New York Cambridge University Press 2002
Hasła przedmiotowe:
Etykiety: Dodaj etykietę
Nie ma etykietki, Dołącz pierwszą etykiete!
Thư viện lưu trữ: Trung tâm Học liệu Trường Đại học Cần Thơ
LEADER 01197nam a2200205Ia 4500
001 CTU_159903
008 210402s9999 xx 000 0 und d
020 |c 65 
082 |a 551.522 
082 |b T877 
100 |a Tsonis, Anastasios A. 
245 3 |a An introduction to atmospheric thermodynamics 
245 0 |c Anastasios A. Tsonis 
260 |a Cambridge,New York 
260 |b Cambridge University Press 
260 |c 2002 
520 |a An Introduction to Atmospheric Thermodynamics is a self-contained, concise but rigorous book introducing the reader to the basics of the subject. Introductory chapters provide basic definitions and some useful mathematical and physical notes. Following a treatment of the fundamental laws of classical thermodynamics, the book describes topics including the properties of moist air and atmospheric stability. Thermodynamic diagrams are used as tools in the forecasting of storm development. In the final chapter the author introduces the problem of weather prediction and the relevance of thermodynamics 
650 |a Atmospheric thermodynamics,Khí tượng học 
910 |a Nguyên 
980 |a Trung tâm Học liệu Trường Đại học Cần Thơ